Gulliver's Travels (Record no. 506)

MARC details
000 -LEADER
fixed length control field 00403nam a22001337a 4500
008 - FIXED-LENGTH DATA ELEMENTS--GENERAL INFORMATION
fixed length control field 160622b xxu||||| |||| 00| 0 eng d
020 ## - INTERNATIONAL STANDARD BOOK NUMBER
International Standard Book Number 9788182964310
082 ## - DEWEY DECIMAL CLASSIFICATION NUMBER
Edition number 1
Classification number 823
100 ## - MAIN ENTRY--PERSONAL NAME
9 (RLIN) 621
Personal name Swift Jonathan
245 ## - TITLE STATEMENT
Title Gulliver's Travels
Remainder of title Unabridged Edition
260 ## - PUBLICATION, DISTRIBUTION, ETC. (IMPRINT)
Place of publication, distribution, etc. New Delhi
Name of publisher, distributor, etc. Arya Publishing Company
Date of publication, distribution, etc. 2013
300 ## - PHYSICAL DESCRIPTION
Extent Recommended for ClassIX as per the latest CBSE Syllabus
942 ## - ADDED ENTRY ELEMENTS (KOHA)
Source of classification or shelving scheme Dewey Decimal Classification
Koha item type BOOK
Holdings
Withdrawn status Lost status Source of classification or shelving scheme Damaged status Not for loan Home library Current library Shelving location Date acquired Total Checkouts Full call number Barcode Date last seen Date last checked out Price effective from Koha item type
    Dewey Decimal Classification     Good Samaritan School Library Good Samaritan School Library FICTION 06/22/2016 7 823 SWI12960 09/06/2019 08/30/2019 06/22/2016 BOOK

Powered by Koha